| 000 | 00528nam a22001457a 4500 | ||
|---|---|---|---|
| 003 | OSt | ||
| 082 | _a630 | ||
| 088 | _aP556 | ||
| 100 |
_aARDRA, SANTHOSH _aGOPIKA, SUBASH _aKARTHIKA, M. P _aMANJUSHA, K. P _95323 |
||
| 245 | _aPERFORMANCE EVALUATION OF HYDROPONIC FODDER PRODUCTION SYSTEM FOR JOWAR CROP AT DIFFERENT LIGHT CONDITIONS | ||
| 260 |
_aThavanur _KKelappaji College of Agricultural Engineering and Technology _c2022 |
||
| 700 |
_aDr. JINU, A (Guide) _95324 |
||
| 700 |
_a Er. SREEJA, K (Co- Guide ) _95325 |
||
| 942 | _cPR | ||
| 999 |
_c17592 _d17592 |
||